El estilo griego / (Record no. 17647)

MARC details
000 -LEADER
campo de control de longitud fija 01122nam a2200301 i 4500
001 - NÚMERO DE CONTROL
campo de control 17647
003 - IDENTIFICADOR DE NÚMERO DE CONTROL
campo de control ES-MaACL
005 - FECHA Y HORA DE LA ÚLTIMA TRANSACCIÓN
campo de control 20231129200127.0
007 - CAMPO FIJO DE DESCRIPCIÓN FÍSICA--INFORMACIÓN GENERAL
campo de control de longitud fija t|
008 - DATOS DE LONGITUD FIJA--INFORMACIÓN GENERAL
campo de control de longitud fija 010419m19941999mx ||||1| spa d
020 ## - NÚMERO INTERNACIONAL ESTÁNDAR DEL LIBRO
Número Internacional Estándar del Libro 968-16-4800-5
080 ## - NÚMERO DE LA CLASIFICACIÓN DECIMAL UNIVERSAL
Número de la Clasificación Decimal Universal 821.14.09
100 1# - ENTRADA PRINCIPAL--NOMBRE DE PERSONA
Nombre de persona Seferis, Giorgos.
9 (RLIN) 105100
245 13 - MENCIÓN DEL TÍTULO
Título El estilo griego /
Mención de responsabilidad, etc. Giórgos Seféris ; traducción de Selma Ancira.
250 ## - MENCION DE EDICION
Mención de edición 1ª ed. en español de la 5ª en griego.
260 ## - PUBLICACIÓN, DISTRIBUCIÓN, ETC.
Lugar de publicación, distribución, etc. México :
Nombre del editor, distribuidor, etc. Fondo de Cultura Económica,
Fecha de publicación, distribución, etc. 1994-1999.
300 ## - DESCRIPCIÓN FÍSICA
Extensión 3 v. ;
Dimensiones 22 cm.
490 1# - MENCIÓN DE SERIE
Mención de serie Lengua y estudios literarios
505 8# - NOTA DE CONTENIDO CON FORMATO
Nota de contenido con formato Contiene: 1. K.P. Kavafis ; T.S. Eliot - 2. El sentimiento de eternidad - 3. Todo está lleno de dioses
600 14 - PUNTO DE ACCESO ADICIONAL DE MATERIA--NOMBRE DE PERSONA
Nombre de persona Kavafis, Konstantinos-
Subdivisión de forma Crítica e interpretación.
9 (RLIN) 67665
600 14 - PUNTO DE ACCESO ADICIONAL DE MATERIA--NOMBRE DE PERSONA
Nombre de persona Eliot, T. S.-
Subdivisión de forma Crítica e interpretación.
9 (RLIN) 46997
650 00 - PUNTO DE ACCESO ADICIONAL DE MATERIA--TÉRMINO DE MATERIA
Término de materia o nombre geográfico como elemento de entrada Literatura griega moderna-
Subdivisión general Historia y crítica.
9 (RLIN) 172270
700 1# - ENTRADA AGREGADA--NOMBRE PERSONAL
Nombre de persona Ancira, Selma,
Fechas asociadas al nombre 1956-
9 (RLIN) 21408
830 1# - PUNTO DE ACCESO ADICIONAL DE SERIE-TÍTULO UNIFORME
Título uniforme Lengua y estudios literarios
9 (RLIN) 179471
852 ## - LOCALIZACIÓN
Ubicación ES-MaACL
Número de control de estantería L-24486-88
852 ## - LOCALIZACIÓN
Ubicación ES-MaACL
Número de control de estantería L-27328
Nota libre (V. 3)
Holdings
Estatus retirado Estado de pérdida Estado de daño No para préstamo Biblioteca de origen Biblioteca actual Ubicación en estantería Fecha de adquisición Fuente de adquisición Total de préstamos Signatura topográfica completa Código de barras Visto por última vez Precio de reemplazo Tipo de ítem Koha
        Biblioteca del Ateneo de Madrid Biblioteca del Ateneo de Madrid Depósito 2 17/01/2008     L-27328 1018003 23/02/2023 23/02/2023 Libro impreso
        Biblioteca del Ateneo de Madrid Biblioteca del Ateneo de Madrid Depósito 2 17/01/2008     L-24486-88 1018002 23/02/2023 23/02/2023 Libro impreso